Ефективність кримінальної відповідальності за легалізацію (відмивання) доходів, одержаних злочинним шляхом (Запис № 575856)
[ простий вигляд ]
| 000 -Лідер | |
|---|---|
| fixed length control field | 02902nam a2200241 4500 |
| 001 - Контрольний номер | |
| control field | 2162214035924653 |
| 003 - Ідентифікатор контрольного номера | |
| control field | UA-OsUOA |
| 005 - Дата та час останнього входження (трансакції) | |
| control field | 20240207120059.0 |
| 008 - Елементи даних фіксованої довжини – загальна інформація | |
| fixed length control field | 240207b un ||||| |||| 00| 0 ukr d |
| 040 ## - Джерело каталогізації | |
| Агенція оригінальної каталогізації | UA-OsUOA |
| Мова каталогізації | ukr |
| Агенція, яка здійснювала перезапис | UA-OsUOA |
| Агенція, яка здійснювала модифікацію | UA-OsUOA |
| 041 ## - Код мови | |
| Код мови тексту/ звукової доріжки чи окремого заголовка (П) | ukr |
| 080 ## - Індекс Універсальної десяткової класифікації | |
| Індекс Універсальної десяткової класифікації (УДК) (НП) | 343.37 |
| 090 ## - Локальний шифр розміщення | |
| Класифікаційний індекс УДК | 343.37 |
| 095 ## - Код спеціальності для авторефератів | |
| Код спеціальності | 12.00.08 |
| Назва спеціальності | кримінальне право та кримінологія; кримінально-виконавче право |
| 100 ## - Основне введення – ім’я особи | |
| Ім’я особи (НП) | Міловідов Р. М. |
| 9 (RLIN) | 1575 |
| 245 ## - Відомості про назву | |
| Назва (НП) | Ефективність кримінальної відповідальності за легалізацію (відмивання) доходів, одержаних злочинним шляхом |
| Дані про відповідальність (НП) | Міловідов Руслан Миколайович; наук. керівник Савінова Наталія Андріївна |
| 260 ## - Публікація, розповсюдження і т.п. (Вихідні дані) | |
| Місце публікації, розповсюдження і т.п. (П) | Київ |
| Дата публікації, розповсюдження і т.п. (П) | 2012 |
| 300 ## - Фізичний опис | |
| Обсяг | 20 с. |
| 502 ## - Примітка про дисертацію | |
| Зв'язок | Автореферат дисертації на здобуття наукового ступеня кандидата юридичних наук<br/> |
| Наймення інституції, що представляється | Академія адвокатури України |
| Рік отримання вченого ступеня | 2012 |
| 520 ## - Резюме і т.п. | |
| Резюме, реферат, анотація, тощо (НП) | У дисертації міститься комплексне дослідження ефективності застосування кримінальної відповідальності за легалізацію (відмивання) доходів отриманих злочинним шляхом в Україні. Розкриті поняття ефективності застосування кримінально-правової норми, ефективності структури правової норми та структурної ефективності її елементів взагалі. На підставі аналізу даних судової статистики продемонстровано низький ступінь ефективності застосування досліджуваної норми в Україні. Виявлені основні причини неефективності застосування цієї норми в Україні, у тому числі основні чинники, які не відповідають міжнародним вимогам криміналізації легалізації (відмивання) доходів від злочинів, а також недоліки побудови диспозиції норми та формулювання окремих елементів складу злочину, що розміщені в чинній її редакції. Надані практичні пропозиції щодо вдосконалення змісту ст. 209 КК України. |
| 650 ## - Додаткове предметне введення – тематичний термін | |
| Джерело заголовка чи терміна | UDC |
| Тематичний термін чи географічна назва, як елемент введення (НП) | 343 Кримінальне право. Карні порушення |
| 9 (RLIN) | 1546 |
| 942 ## - Додаткові елементи входу (Коха) | |
| Source of classification or shelving scheme | Universal Decimal Classification |
| Тип елемента Koha | Автореферат |
Немає доступних примірників.